Caracterización de la pérdida de extracto en el área de fermentación - maduración de la cervecería de Costa Rica
Uloženo v:
| Hlavní autor: | |
|---|---|
| Médium: | Kniha |
| Jazyk: | Spanish |
| Vydáno: |
San Pedro, [Costa Rica]
2014
|
| Témata: | |
| Tagy: |
Přidat tag
Žádné tagy, Buďte první, kdo vytvoří štítek k tomuto záznamu!
|
MARC
| LEADER | 00000nam a22000007a 4500 | ||
|---|---|---|---|
| 003 | 011918 | ||
| 005 | 20221231143901.0 | ||
| 008 | 150313b2014 cr a|||| |||| 00| 0 spa d | ||
| 040 | |c cru CEDI | ||
| 090 | |a TFG 7083 | ||
| 100 | |9 464 |a Montero Jiménez, Angélica | ||
| 245 | |a Caracterización de la pérdida de extracto en el área de fermentación - maduración de la cervecería de Costa Rica | ||
| 260 | |a San Pedro, [Costa Rica] |c 2014 | ||
| 500 | |a Práctica dirigida de graduación (licenciatura en ingeniería química)--Universidad de Costa Rica. Facultad de Ingeniería. Escuela de Ingeniería Química | ||
| 650 | |x CERVEZA |x FERMENTACION |x CERVEZA - ANALISIS |x INDUSTRIA CERVECERA |x CERVECERIA DE COSTA RICA |9 465 | ||
| 942 | |c TFG | ||
| 999 | |c 13702 |d 13702 | ||
